Loading...
Effective writing/
| Hovedforfatter: | |
|---|---|
| Format: | Printed Book |
| Sprog: | English |
| Udgivet: |
London:
Ward Lock Educational,
1974.
|
| LEADER | 00473nam a2200145Ia 4500 | ||
|---|---|---|---|
| 008 | 101008s9999 xx 000 0 eng d | ||
| 041 | |a eng | ||
| 082 | |a 808.042 | ||
| 100 | |a Jones, Esmor | ||
| 245 | |a Effective writing/ |c Esmor Jones | ||
| 260 | |a London: |b Ward Lock Educational, |c 1974. | ||
| 300 | |a 76 Pages | ||
| 942 | |c BK | ||
| 999 | |c 180085 |d 180085 | ||
| 952 | |0 0 |1 0 |2 ddc |4 0 |6 808_042000000000000_JON_E |7 0 |9 199377 |a EDU |b EDU |c ST1 |d 2010-10-20 |i 1520 |l 0 |o 808.042 JON/E |p EDU1520 |r 2018-08-29 |y BK | ||